[Event "SR 3. liga A2 2016/2017"]
[Site "?"]
[Date "2016.10.30"]
[Round "2.1"]
[White "Lanc, Alois"]
[Black "Liptak, Dusan"]
[Result "1-0"]
[WhiteElo "2310"]
[BlackElo "2127"]
[PlyCount "67"]
[EventDate "2016.??.??"]

1. e4 e6 2. d4 d5 3. Nc3 dxe4 4. Nxe4 Nd7 5. Nf3 Ngf6 6. Nxf6+ Nxf6 7. Bd3 c5
8. dxc5 Bxc5 9. Qe2 a6 10. Bg5 Qb6 11. c3 Bd7 12. O-O Be7 13. Rad1 Rd8 14. Ne5
Bc6 15. Bxf6 Bxf6 16. Nxc6 Qxc6 17. Be4 Qb6 18. Rxd8+ Bxd8 19. Rd1 Bf6 20. g3
Qc7 21. Qf3 O-O 22. Bxb7 Rb8 23. Bxa6 Rxb2 24. a4 Rb3 25. Rd3 h6 26. Bb5 Rxc3
27. Qa8+ Kh7 28. Rd7 Qe5 29. Bd3+ g6 30. Rxf7+ Bg7 31. Rf3 Rc1+ 32. Kg2 Qe1 33.
Qe8 Qh1+ 34. Kh3 1-0

[Event "SR 3. liga A2 2016/2017"]
[Site "?"]
[Date "2016.10.30"]
[Round "2.3"]
[White "Kovacocy, Pavel"]
[Black "Kavon, Rastislav"]
[Result "1/2-1/2"]
[WhiteElo "2216"]
[BlackElo "2244"]
[PlyCount "217"]
[EventDate "2016.??.??"]

1. e4 c5 2. Nf3 d6 3. d4 cxd4 4. Nxd4 Nf6 5. Nc3 g6 6. g3 Bg7 7. Bg2 O-O 8. O-O
a6 9. h3 Qc7 10. Bg5 Qb6 11. Nb3 Be6 12. Nd5 Nxd5 13. exd5 Bc8 14. Bxe7 Re8 15.
Bg5 Bxb2 16. Rb1 Bg7 17. Re1 Bd7 18. Rxe8+ Bxe8 19. Qe1 Nd7 20. Na5 Bc3 21. Nc4
Bxe1 22. Nxb6 Nxb6 23. Rxb6 Bc3 24. Rxd6 Ba5 25. Be3 Rc8 26. Bb6 Bxb6 27. Rxb6
Rxc2 28. d6 Bb5 29. Bxb7 Rxa2 30. Bxa6 Bd7 31. Bc4 Rd2 32. Kg2 Rd4 33. Bb3 Rd3
34. h4 Be6 35. Bxe6 fxe6 36. Kf1 Kf7 37. Ke2 Rd5 38. Rb7+ Kf6 39. Rxh7 Rxd6 40.
h5 gxh5 41. Rxh5 Ra6 42. f4 Ra3 43. Kf2 Kg6 44. Re5 Kf6 45. Kg2 Rb3 46. Kh3 Rb8
47. Kg4 Rg8+ 48. Kf3 Ra8 49. Rb5 Ra6 50. Kg4 Kg6 51. Rg5+ Kf6 52. Kh4 Ra1 53.
Rb5 Ra6 54. g4 Kg6 55. Re5 Kf6 56. g5+ Kf7 57. Rb5 Ra1 58. Rb7+ Kg6 59. Re7
Rh1+ 60. Kg4 Rg1+ 61. Kf3 Re1 62. Ra7 Rf1+ 63. Ke3 Re1+ 64. Kf2 Re4 65. Kf3 Re1
66. Re7 Rf1+ 67. Ke4 Re1+ 68. Kd4 Re2 69. Re8 Kf7 70. Rh8 Rf2 71. Ke3 Rf1 72.
Rh7+ Kg6 73. Re7 Re1+ 74. Kd3 Kh5 75. Rh7+ Kg6 76. Rh6+ Kf7 77. Rf6+ Ke7 78.
Kd4 Re2 79. Rh6 Kf7 80. Rh3 Re1 81. Re3 Rd1+ 82. Ke5 Rd5+ 83. Ke4 Rd1 84. Rd3
Re1+ 85. Kf3 Rf1+ 86. Kg4 Rg1+ 87. Rg3 Rf1 88. Rg2 Kg6 89. Re2 Rg1+ 90. Kf3
Rf1+ 91. Ke4 Kf7 92. Ke5 Rg1 93. Re4 Rd1 94. Rc4 Re1+ 95. Kd6 Rd1+ 96. Kc5 e5
97. fxe5 Ke6 98. Re4 Rd5+ 99. Kc4 Rxe5 100. Kd4 Rxe4+ 101. Kxe4 Kf7 102. Kf5
Kg7 103. g6 Kg8 104. Kf6 Kf8 105. Kg5 Kg7 106. Kh5 Kg8 107. Kh6 Kh8 108. g7+
Kg8 109. Kg6 1/2-1/2

[Event "SR 3. liga A2 2016/2017"]
[Site "?"]
[Date "2016.10.30"]
[Round "2.3"]
[White "Bango, Lukas"]
[Black "Cechovic, Stefan"]
[Result "1-0"]
[WhiteElo "2108"]
[BlackElo "2137"]
[PlyCount "45"]
[EventDate "2016.??.??"]

1. e4 e5 2. Nf3 Nf6 3. Nxe5 d6 4. Nf3 Nxe4 5. Nc3 Nxc3 6. dxc3 Be7 7. Be3 Nc6
8. Qd2 Bf5 9. O-O-O a6 $11 10. Bc4 Ne5 11. Nxe5 dxe5 $11 12. Qe2 Qc8 13. Rd5
Bf6 14. Bc5 Be6 15. Rxe5 Bxe5 16. Qxe5 b6 17. Qxg7 Kd7 18. Bxe6+ Kxe6 19. Re1+
Kd5 20. Qxf7+ Kc6 21. Qf3+ Kb5 22. a4+ Kxa4 23. Qc6+ 1-0

[Event "SR 3. liga A2 2016/2017"]
[Site "?"]
[Date "2016.10.30"]
[Round "2.3"]
[White "Sarmir, Milos"]
[Black "Capanda, Jan"]
[Result "1-0"]
[WhiteElo "2028"]
[BlackElo "1847"]
[PlyCount "89"]
[EventDate "2016.??.??"]

1. e4 Nf6 2. e5 Nd5 3. d4 e6 4. Nf3 d6 5. Be2 Be7 6. O-O O-O 7. c4 Nb6 8. Nc3
f5 9. Qd3 d5 10. c5 N6d7 11. b4 a5 12. b5 c6 13. a4 b6 14. cxb6 c5 15. dxc5
Nxc5 16. Qc2 Qxb6 17. Be3 Nbd7 18. Rfc1 Bb7 19. Nd1 Rac8 20. Nb2 Qd8 21. Nd3 g5
22. Nxc5 Nxc5 23. Bxc5 Bxc5 24. Qd2 f4 25. Ne1 Qb6 26. Nd3 Be7 27. Bg4 Kf7 28.
Ne1 Rh8 29. Rxc8 Bxc8 30. Rc1 Bd7 31. Bh5+ Kg7 32. h4 Rf8 33. hxg5 Bxg5 34. Nf3
Be7 35. Bg4 Bc5 36. Ng5 Kg6 37. Nh3 Bd4 38. Qc2+ Kg7 39. Ng5 Rh8 40. Qc7 Bxf2+
41. Kf1 Kg6 42. Qxd7 Kxg5 43. Qg7+ Kh4 44. Be2 f3 45. Qf6+ 1-0

[Event "SR 3. liga A2 2016/2017"]
[Site "?"]
[Date "2016.10.30"]
[Round "2.3"]
[White "Lopatievov, Alexander"]
[Black "Vagovsky, Jozef"]
[Result "1/2-1/2"]
[WhiteElo "1845"]
[BlackElo "1871"]
[PlyCount "75"]
[EventDate "2016.??.??"]

1. c4 e5 2. Nc3 Nf6 3. e3 d5 4. cxd5 Nxd5 5. Nf3 Nxc3 6. bxc3 Bd6 7. Qc2 O-O 8.
Bb2 Qe7 9. c4 Nd7 10. Be2 Re8 11. O-O c5 12. d4 cxd4 13. exd4 e4 14. Ne1 b6 15.
Qc3 f5 16. f4 Bb4 17. Qb3 Kh8 18. Nc2 a5 19. a3 Bd6 20. Ne3 Nf6 21. Rac1 Be6
22. Rc2 a4 23. Qc3 Rec8 24. Ra1 h5 25. g3 Ng4 26. h3 Nxe3 27. Qxe3 Qf7 28. Rac1
Be7 29. Kh2 Kh7 30. d5 Bd7 31. Bd4 b5 32. d6 Bxd6 33. c5 Be7 34. c6 Be6 35.
Bxb5 Bb3 36. Bc4 Bxc4 37. Rxc4 Rcb8 38. Bc5 1/2-1/2

[Event "SR 3. liga A2 2016/2017"]
[Site "?"]
[Date "2016.10.30"]
[Round "2.3"]
[White "Markuliak, Mario"]
[Black "Vagovic, Milan"]
[Result "1-0"]
[WhiteElo "1875"]
[BlackElo "1679"]
[PlyCount "115"]
[EventDate "2016.??.??"]

1. c4 c5 2. Nf3 Nf6 3. g3 Nc6 4. Bg2 g6 5. O-O Bg7 6. d4 cxd4 7. Nxd4 O-O 8.
Nc3 a6 9. Nb3 d6 10. e4 Bg4 11. Bf3 Bxf3 12. Qxf3 Ne5 13. Qe2 Qc8 14. Nd5 Nxd5
15. cxd5 Qh3 16. f4 Nd7 17. Be3 f5 18. Bd4 Nf6 19. exf5 Qxf5 20. Qxe7 Qxd5 21.
Rac1 Rae8 22. Qc7 Rf7 23. Qc4 Qxc4 24. Rxc4 Rfe7 25. Rd1 Re1+ 26. Rxe1 Rxe1+
27. Kf2 Re7 28. Kf3 h5 29. h3 Kf7 30. Rc2 Bh6 31. Nd2 Bg7 32. Nc4 Ne8 33. Bxg7
Kxg7 34. Rd2 Re6 35. g4 hxg4+ 36. hxg4 Kf7 37. a4 Ke7 38. Na5 b6 39. Nc6+ Kf8
40. Nb8 Re7 41. Nxa6 Ra7 42. Nb8 Rc7 43. g5 Ke7 44. b4 Rc8 45. Re2+ Kd8 46. Na6
Ng7 47. Rh2 Ke7 48. b5 Rc4 49. Re2+ Kd8 50. Re4 Rc3+ 51. Ke2 Rc2+ 52. Kd3 Rc1
53. Nb4 Kd7 54. Nd5 Rd1+ 55. Kc4 Rc1+ 56. Kb3 Rb1+ 57. Kc2 Rf1 58. Re7+ 1-0

[Event "SR 3. liga A2 2016/2017"]
[Site "?"]
[Date "2016.10.30"]
[Round "2.3"]
[White "Rau, Vladimir"]
[Black "Hornak, Pavol"]
[Result "1/2-1/2"]
[WhiteElo "1595"]
[BlackElo "1780"]
[PlyCount "101"]
[EventDate "2016.??.??"]

1. d4 Nf6 2. c4 g6 3. Nc3 Bg7 4. Nf3 O-O 5. g3 c6 6. Bg2 d5 7. cxd5 cxd5 8. O-O
Nc6 9. Qb3 e6 10. Bg5 h6 11. Bxf6 Bxf6 12. e3 Na5 13. Qc2 Nc4 14. Rad1 b5 15.
e4 b4 16. Ne2 Ba6 17. e5 Bg7 18. b3 Na3 19. Qd2 Rc8 20. Rc1 Qd7 21. Rfe1 Bxe2
22. Qxe2 Nb5 23. Bf1 Nc3 24. Qd2 a5 25. Bd3 Rc7 26. Rc2 Ra8 27. a4 Rac8 28.
Rec1 Qe7 29. Kg2 Qf8 30. Ng1 Kh7 31. Ne2 Nxe2 32. Qxe2 Qd8 33. Ba6 Rxc2 34.
Rxc2 Rc3 35. Rxc3 bxc3 36. Qc2 Qc7 37. Bb5 Bf8 38. Kf3 Bb4 39. Ke3 Qe7 40. Qe2
f6 41. Kd3 Qf7 42. f4 $11 fxe5 43. Qxe5 g5 44. Ke2 gxf4 45. Bd3+ Kg8 46. gxf4
h5 47. f5 exf5 48. Bxf5 Kf8 49. Qh8+ Ke7 50. Qh7 Qxh7 51. Bxh7 1/2-1/2

[Event "SR 3. liga A2 2016/2017"]
[Site "?"]
[Date "2016.10.30"]
[Round "2.3"]
[White "Kavuljak, Alojz"]
[Black "Dobis, Pavol"]
[Result "0-1"]
[WhiteElo "1688"]
[BlackElo "1614"]
[PlyCount "74"]
[EventDate "2016.??.??"]

1. e4 c5 2. Nf3 d6 3. d4 cxd4 4. Nxd4 Bd7 5. Bd3 Nc6 6. Nb3 e6 7. Nc3 Nf6 8. a3
Be7 9. Be3 O-O 10. O-O a6 11. h3 h6 12. f4 Qc8 13. Qd2 Nh7 14. Rad1 e5 15. Nd5
Bh4 16. Nb6 Qc7 17. Nxa8 Rxa8 18. fxe5 Nxe5 19. Nd4 Qc8 20. Nf3 Nxf3+ 21. Rxf3
Ng5 22. Bxg5 Bxg5 23. Qe2 Bf6 24. c3 Qc5+ 25. Kh1 Be6 26. Bc2 Be5 27. Qd2 Qb6
28. b4 Qd8 29. Qf2 Rc8 30. Qe1 Rc7 31. Rc1 Qg5 32. Bd1 Qxc1 33. Qf1 Rxc3 34. a4
Rxf3 35. gxf3 Bb3 36. b5 Qxd1 37. Qxd1 Bxd1 0-1

[Event "SR 3. liga A2 2016/2017"]
[Site "?"]
[Date "2016.10.30"]
[Round "2.4"]
[White "Puskar, Peter"]
[Black "Horak, Ivan"]
[Result "1-0"]
[WhiteElo "2167"]
[BlackElo "2048"]
[PlyCount "69"]
[EventDate "2016.??.??"]

1. d4 Nf6 2. c4 c5 3. d5 b5 4. cxb5 a6 5. bxa6 Bxa6 6. Nc3 g6 7. Nf3 Bg7 8. e4
Bxf1 9. Kxf1 d6 10. g3 Nbd7 11. Kg2 O-O 12. Qe2 Ng4 13. a4 Bxc3 14. bxc3 Ra5
15. h3 Nge5 16. Nxe5 Nxe5 17. Bh6 Re8 18. c4 Qa8 19. Qa2 Qa6 20. Bd2 Qxc4 21.
Qxc4 Nxc4 22. Bxa5 Nxa5 23. Rhb1 Ra8 24. Rb5 Kg7 25. Kf3 h5 26. Ke2 Kf6 27. Kd3
e6 28. Re1 Ke7 29. Kc3 Kd7 30. Reb1 Kc7 31. Rb6 e5 32. f4 f6 33. fxe5 fxe5 34.
R6b5 Kd7 35. Rb8 1-0

[Event "SR 3. liga A2 2016/2017"]
[Site "?"]
[Date "2016.10.30"]
[Round "2.4"]
[White "Sefcik, Marek St"]
[Black "Sturdik, Igor"]
[Result "1/2-1/2"]
[WhiteElo "2032"]
[BlackElo "1986"]
[PlyCount "46"]
[EventDate "2016.??.??"]

1. Nf3 Nf6 2. b3 g6 3. Bb2 Bg7 4. e3 d5 5. Be2 c5 6. O-O Nc6 7. Ne5 Nxe5 8.
Bxe5 O-O 9. d4 Nd7 10. Bxg7 Kxg7 11. c4 dxc4 12. Bxc4 Nb6 13. d5 e6 14. e4 Qh4
15. Qc2 exd5 16. Bxd5 Nxd5 17. exd5 b6 18. Qc4 Qg5 19. Rd1 Bb7 20. Nc3 Rad8 21.
Rd3 Rfe8 22. Rad1 f5 23. a4 Qf6 1/2-1/2

[Event "SR 3. liga A2 2016/2017"]
[Site "?"]
[Date "2016.10.30"]
[Round "2.4"]
[White "Mosny, Jaroslav"]
[Black "Chabada, Tomas St"]
[Result "1/2-1/2"]
[WhiteElo "1975"]
[BlackElo "1940"]
[PlyCount "52"]
[EventDate "2016.??.??"]

1. d4 d5 2. Nf3 Nf6 3. c4 c6 4. Nc3 e6 5. e3 Nbd7 6. Bd3 dxc4 7. Bxc4 b5 8. Bd3
Bb7 9. O-O a6 10. e4 b4 11. e5 Nd5 12. Nxd5 cxd5 13. Qe2 Be7 14. Bd2 h6 15.
Rac1 O-O 16. Rc2 Qb6 17. Rfc1 Rfc8 18. Be3 Rxc2 19. Bxc2 Rc8 20. Qd3 Nf8 21.
Qd2 a5 22. h4 Qd8 23. h5 f5 24. exf6 Bxf6 25. Bd3 Rxc1+ 26. Qxc1 Qc8 1/2-1/2

[Event "SR 3. liga A2 2016/2017"]
[Site "?"]
[Date "2016.10.30"]
[Round "2.4"]
[White "Husek, Lubomir"]
[Black "Doucha, Ludvig"]
[Result "1/2-1/2"]
[WhiteElo "1873"]
[BlackElo "1946"]
[PlyCount "136"]
[EventDate "2016.??.??"]

1. e4 e5 2. Nf3 d6 3. d4 exd4 4. Nxd4 g6 5. Be2 Bg7 6. O-O Nc6 7. Nxc6 bxc6 8.
c3 Nf6 9. Qc2 O-O 10. Bg5 Qe7 11. Bf3 Bd7 12. Re1 Rfe8 13. Nd2 a5 14. Re2 Qf8
15. Rae1 a4 16. h3 Ra5 17. Bf4 Nh5 18. Bxh5 Rxh5 19. Qxa4 Ra8 20. Qc2 Rxa2 21.
Nb3 c5 22. Ra1 Rxa1+ 23. Nxa1 c4 24. Qc1 Ra5 25. Nc2 Qa8 26. Na3 Be6 27. Kh2
Qa6 28. Nc2 Bd7 29. Nb4 Qb7 30. Qe1 Be6 31. Qc1 Qa8 32. Re1 Rh5 33. Qe3 Rb5 34.
Qd2 Ra5 35. Nc2 Ra2 36. Nd4 Bd7 37. e5 dxe5 38. Bxe5 Qb7 39. Bxg7 Kxg7 40. Nf3
Be6 41. Qd4+ Kg8 42. Ng5 Qd5 43. Qh4 h5 44. Nxe6 fxe6 45. Qf6 Qf5 46. Rxe6 Qxf6
47. Rxf6 Kg7 48. Rc6 Rxb2 49. Rxc7+ Kh6 50. Rxc4 Rxf2 51. Kg3 Rc2 52. Kf3 Kg5
53. Rc5+ Kf6 54. h4 Ke6 55. g3 Kd6 56. Rc8 Kd7 57. Rc4 Ke6 58. Kf4 Rg2 59. Rc6+
Kf7 60. c4 Rg1 61. c5 Rf1+ 62. Ke4 Re1+ 63. Kf3 Rf1+ 64. Ke2 Rc1 65. Rc7+ Kf6
66. c6 Rc3 67. Rc8 Kf7 68. c7 Kg7 1/2-1/2

[Event "SR 3. liga A2 2016/2017"]
[Site "?"]
[Date "2016.10.30"]
[Round "2.4"]
[White "Bukovsky, Milan"]
[Black "Kovarik, Oto"]
[Result "0-1"]
[WhiteElo "1945"]
[BlackElo "1803"]
[PlyCount "67"]
[EventDate "2016.??.??"]

1. d4 d5 2. Nf3 e6 3. c4 Nf6 4. Bg5 Be7 5. e3 O-O 6. Nc3 Nbd7 7. cxd5 exd5 8.
Qc2 c6 9. Bd3 h6 10. Bh4 Re8 11. O-O Nf8 12. Ne5 N6d7 13. Bxe7 Qxe7 14. Nf3 Nf6
15. Rae1 Ne4 16. Nd2 f5 17. f3 Nxd2 18. Qxd2 Qg5 19. Qf2 Be6 20. e4 f4 21. exd5
Bxd5 22. Nxd5 cxd5 23. h4 Qf6 24. Bb5 Re6 25. Ba4 a6 26. Bb3 Rd8 27. h5 Kh8 28.
Bc2 Rde8 29. Rxe6 Qxe6 30. Bb3 Qf5 31. Qh4 Nh7 32. Qg4 Qf6 33. Qd7 Qxd4+ 34.
Kh1 0-1

[Event "SR 3. liga A2 2016/2017"]
[Site "?"]
[Date "2016.10.30"]
[Round "2.4"]
[White "Hrubos, Milan"]
[Black "Bahna, Jan"]
[Result "1-0"]
[WhiteElo "1797"]
[BlackElo "1880"]
[PlyCount "77"]
[EventDate "2016.??.??"]

1. e4 e5 2. Nf3 Nc6 3. Bb5 a6 4. Ba4 b5 5. Bb3 Nf6 6. O-O d6 7. Re1 Be7 8. h3
Na5 9. c3 Nxb3 10. axb3 Bb7 11. d3 O-O 12. Be3 c5 13. Nbd2 Re8 14. Nf1 Bf8 15.
Ng3 g6 16. Bg5 h6 17. Be3 Rc8 18. Qd2 Kh7 19. c4 b4 20. Nh2 Bg7 21. f4 exf4 22.
Bxf4 Ng8 23. Nf3 Qf6 24. Re2 Qd8 25. Nf1 Ne7 26. Ne3 Ra8 27. g4 f5 28. Nd5 fxg4
29. hxg4 Nxd5 30. cxd5 Qf6 31. Rf1 Rf8 32. Rh2 Bc8 33. Bxh6 Kg8 34. Bxg7 Qxg7
35. Qg5 Ra7 36. Rh6 Rf6 37. Nh4 Rxf1+ 38. Kxf1 Rf7+ 39. Ke1 1-0

[Event "SR 3. liga A2 2016/2017"]
[Site "?"]
[Date "2016.10.30"]
[Round "2.4"]
[White "Krist, Milan"]
[Black "Vach, Jozef"]
[Result "1/2-1/2"]
[WhiteElo "1868"]
[BlackElo "1706"]
[PlyCount "53"]
[EventDate "2016.??.??"]

1. d4 Nf6 2. Nf3 d5 3. c4 c6 4. e3 Bg4 5. Nc3 e6 6. c5 Nbd7 7. Bd3 e5 8. Be2 e4
9. Nd2 Bxe2 10. Qxe2 Be7 11. O-O O-O 12. b4 b6 13. Nb3 Qc8 14. Bd2 Bd8 15. Rfc1
a5 16. bxa5 bxc5 17. dxc5 Ne5 18. Na4 Nd3 19. Rc2 Qa6 20. Nb6 Ra7 21. Qf1 Ng4
22. Be1 Nge5 23. h3 Bh4 24. Nd4 Nxe1 25. Qxa6 Rxa6 26. Rxe1 Rxa5 27. Ree2
1/2-1/2

[Event "SR 3. liga A2 2016/2017"]
[Site "?"]
[Date "2016.10.30"]
[Round "2.4"]
[White "Stehlik, Jan"]
[Black "Puskar, David"]
[Result "1/2-1/2"]
[WhiteElo "1631"]
[BlackElo "1713"]
[PlyCount "98"]
[EventDate "2016.??.??"]

1. e4 e6 2. d4 d5 3. Nd2 dxe4 4. Nxe4 Be7 5. Bd3 Nf6 6. Nf3 b6 7. O-O Bb7 8.
Re1 Nbd7 9. c3 O-O 10. Bg5 Rc8 11. Qc2 h6 12. Bh4 a6 13. a4 c5 14. b3 cxd4 15.
Nxd4 Ne5 16. Nxf6+ Bxf6 17. Bxf6 Qxf6 18. Bh7+ Kh8 19. Be4 Bxe4 20. Qxe4 Ng6
21. c4 Rc5 22. Rad1 Rfc8 23. Qf3 Qe7 24. Qg3 Rg5 25. Qc3 Nh4 26. g3 Qb7 27. Kf1
Qg2+ 28. Ke2 Re5+ 29. Kd3 Rxe1 30. Qxe1 Nf5 31. Nxf5 exf5 32. Kc3 Qa8 33. Rd7
Re8 34. Re7 Rd8 35. Rxf7 Qf3+ 36. Qe3 Qd1 37. Rxf5 Qa1+ 38. Kc2 Qa2+ 39. Kc3
Qa1+ 40. Kc2 Qa2+ 41. Kc3 Qa1+ 42. Kb4 a5+ 43. Kb5 Qa3 44. Qf3 Qe7 45. Qc6 Rd6
46. Qc8+ Rd8 47. Qc6 Rd6 48. Qc8+ Rd8 49. Qc6 Rd6 1/2-1/2

[Event "SR 3. liga A2 2016/2017"]
[Site "?"]
[Date "2016.10.30"]
[Round "2.5"]
[White "Straka, Jozef Ml"]
[Black "Jozefek, Michal"]
[Result "1/2-1/2"]
[WhiteElo "2280"]
[BlackElo "2178"]
[PlyCount "120"]
[EventDate "2016.??.??"]

1. Nf3 c5 2. g3 b6 3. Bg2 Bb7 4. O-O Nf6 5. b3 e6 6. Bb2 Be7 7. d3 d5 8. c4 Nc6
9. cxd5 exd5 10. d4 O-O 11. Nc3 Ne4 12. dxc5 Bf6 13. Qc1 Bxc3 14. Bxc3 bxc5 15.
Bb2 Qe7 16. Rd1 Rfd8 17. e3 Ba6 18. Nd2 Nb4 19. Nxe4 dxe4 20. Qc3 f6 21. Ba3
Rd3 22. Rxd3 Bxd3 23. Rc1 Nxa2 24. Qxc5 Qxc5 25. Rxc5 Rb8 26. Bh3 Kf7 27. Rc7+
Kg6 28. Be6 Nb4 29. g4 h5 30. Bf7+ Kh6 31. gxh5 a5 32. h4 Be2 33. Kh2 Bxh5 34.
Bxh5 Kxh5 35. Kg3 g5 36. hxg5 Kxg5 37. Rc5+ f5 38. Rxa5 Nd3 39. Be7+ Kg6 40. b4
Nxb4 41. Bxb4 Rxb4 42. Kf4 Rb2 43. Ra6+ Kf7 44. Kxf5 Rxf2+ 45. Kxe4 Ke7 46. Ke5
Rh2 47. Ra7+ Ke8 48. e4 Rh6 49. Kd5 Rg6 50. e5 Rh6 51. Ke4 Rb6 52. Kf5 Rc6 53.
Ra8+ Ke7 54. Rh8 Ra6 55. Rh7+ Ke8 56. e6 Ra1 57. e7 Rf1+ 58. Ke5 Re1+ 59. Kd5
Rxe7 60. Rxe7+ Kxe7 1/2-1/2

[Event "SR 3. liga A2 2016/2017"]
[Site "?"]
[Date "2016.10.30"]
[Round "2.5"]
[White "Stanec, Stanislav"]
[Black "Danada, Tomas"]
[Result "0-1"]
[WhiteElo "2092"]
[BlackElo "2241"]
[PlyCount "68"]
[EventDate "2016.??.??"]

1. d4 g6 2. Nf3 Bg7 3. e4 d6 4. c3 Nf6 5. Bd3 O-O 6. O-O Nc6 7. Na3 Bg4 8. h3
Bxf3 9. Qxf3 e5 10. d5 Ne7 11. Nc2 Nh5 12. g4 Nf6 13. Ne3 Nd7 14. Bc2 Bh6 15.
Ng2 Bxc1 16. Raxc1 f6 17. h4 Rf7 18. Qe3 f5 19. gxf5 gxf5 20. f4 fxe4 21. fxe5
Rg7 22. exd6 cxd6 23. Bxe4 Ne5 24. c4 N7g6 25. Bxg6 Rxg6 26. Rf4 Qb6 27. Qxb6
axb6 28. Rc3 Rxa2 29. Rb3 Ra1+ 30. Kf2 b5 31. cxb5 Rd1 32. Ne3 Rd3 33. Rfb4
Rd2+ 34. Ke1 Nf3+ 0-1

[Event "SR 3. liga A2 2016/2017"]
[Site "?"]
[Date "2016.10.30"]
[Round "2.5"]
[White "Karas, Marek"]
[Black "Vepy, Ivan"]
[Result "1-0"]
[WhiteElo "2196"]
[BlackElo "1923"]
[PlyCount "109"]
[EventDate "2016.??.??"]

1. d4 Nf6 2. c4 e6 3. Nf3 Be7 4. Nc3 d5 5. Bf4 O-O 6. e3 b6 7. cxd5 exd5 8. Bd3
Ba6 9. Bxa6 Nxa6 10. Qa4 Qc8 11. O-O Qb7 12. Rac1 Rfc8 13. Ne5 c5 14. dxc5 Nxc5
15. Qd1 Nce4 16. Qd3 Nxc3 17. Rxc3 Rxc3 18. Qxc3 Rc8 19. Qd3 Rd8 20. Rc1 Rc8
21. Rd1 h6 22. Nf3 Nh5 23. Be5 Bf6 24. Bxf6 Nxf6 25. Nd4 Qe7 26. h3 Qb4 27. Qb3
Qe7 28. Ne2 Kh8 29. Nc3 Rd8 30. Nxd5 Nxd5 31. Rxd5 Rc8 32. Qd1 Qf6 33. Rd2 Kg8
34. Rd4 Qg6 35. Rd8+ Rxd8 36. Qxd8+ Kh7 37. Qd1 Qf6 38. Qd3+ Kg8 39. Qd4 Qe6
40. b3 Qg6 41. e4 Qg5 42. e5 Qc1+ 43. Kh2 Qc2 44. f4 Qxa2 45. Qd8+ Kh7 46. Qd5
Kg8 47. Qd8+ Kh7 48. Qd3+ Kg8 49. f5 Qf2 50. Qe4 a5 51. e6 fxe6 52. fxe6 Kf8
53. Qe5 Qc5 54. Qf4+ Ke8 55. Qf7+ 1-0

[Event "SR 3. liga A2 2016/2017"]
[Site "?"]
[Date "2016.10.30"]
[Round "2.5"]
[White "Vogl, Zdenek"]
[Black "Pribila, Gerhard"]
[Result "0-1"]
[WhiteElo "1934"]
[BlackElo "2120"]
[PlyCount "100"]
[EventDate "2016.??.??"]

1. e4 c5 2. Nf3 e6 3. d4 cxd4 4. Nxd4 Nf6 5. Nc3 d6 6. Bg5 Be7 7. Be2 a6 8. O-O
O-O 9. Qd3 Nbd7 10. Qg3 Kh8 11. Rad1 Qc7 12. Nb3 b5 13. a3 Bb7 14. Bd3 Ne5 15.
f4 Nxd3 16. cxd3 h6 17. Bh4 b4 18. Ne2 e5 19. fxe5 dxe5 20. Bxf6 Qb6+ 21. Qf2
Qxf2+ 22. Kxf2 gxf6 23. axb4 Bxb4 24. Ng3 Bc8 25. Kg1 Be6 26. Nd2 Bg4 27. Nf3
Rfd8 28. h3 Be6 29. Nd2 Rxd3 30. Nf3 Rad8 31. Rxd3 Rxd3 32. Nh5 Bc5+ 33. Kh2
Be7 34. Rc1 f5 35. exf5 Bxf5 36. Rc6 Bd6 37. Nh4 Be6 38. Rxa6 e4+ 39. Kg1 Be7
40. Nf4 Rd1+ 41. Kh2 Bd6 42. g3 Bxf4 43. gxf4 e3 44. Ra8+ Kg7 45. Re8 e2 46.
Ng2 e1=Q 47. Nxe1 Rxe1 48. f5 Re2+ 49. Kg3 Bc4 50. Rc8 Bb3 0-1

[Event "SR 3. liga A2 2016/2017"]
[Site "?"]
[Date "2016.10.30"]
[Round "2.5"]
[White "Travnicek, Petr"]
[Black "Harastova, Viera"]
[Result "1-0"]
[WhiteElo "2077"]
[BlackElo "1862"]
[PlyCount "41"]
[EventDate "2016.??.??"]

1. d4 d5 2. c4 c6 3. Nc3 dxc4 4. e4 b5 5. a4 b4 6. Na2 b3 7. Nc3 Ba6 8. Nf3 Nf6
9. Ne5 e6 10. Bxc4 Bxc4 11. Nxc4 Bb4 12. Qxb3 Bxc3+ 13. bxc3 Nxe4 14. Ba3 Nd7
15. O-O Nb6 16. f3 Qd5 17. Qb4 c5 18. Qb5+ Kd8 19. fxe4 Qxc4 20. Bxc5 Qxb5 21.
axb5 1-0

[Event "SR 3. liga A2 2016/2017"]
[Site "?"]
[Date "2016.10.30"]
[Round "2.5"]
[White "Planka, Peter"]
[Black "Ambros, Rafael"]
[Result "1/2-1/2"]
[WhiteElo "1781"]
[BlackElo "1986"]
[PlyCount "126"]
[EventDate "2016.??.??"]

1. e4 c5 2. Nf3 Nc6 3. d4 cxd4 4. Nxd4 g6 5. Be3 Bg7 6. Nc3 Nf6 7. Be2 O-O 8.
O-O d6 9. f3 Bd7 10. Qd2 a6 11. Rab1 Rc8 12. Kh1 h5 13. Nxc6 Bxc6 14. Bh6 Re8
15. Bxg7 Kxg7 16. Rfe1 Qa5 17. a3 Rcd8 18. Qe3 Qc5 19. Qxc5 dxc5 20. Rbd1 e5
21. Kg1 Rd4 22. Nb1 Red8 23. c3 R4d7 24. Rxd7 Rxd7 25. Rd1 b5 26. Kf2 Rxd1 27.
Bxd1 Nd7 28. Ke3 Kf6 29. h4 Ke6 30. Bb3+ c4 31. Bc2 f5 32. Nd2 f4+ 33. Kf2 Kf6
34. a4 Nc5 35. axb5 axb5 36. b4 cxb3 37. Nxb3 Nxb3 38. Bxb3 g5 39. hxg5+ Kxg5
40. Bf7 Bd7 41. Ke2 h4 42. Bd5 Kf6 43. c4 bxc4 44. Bxc4 Be8 45. Kd2 Bh5 46. Be2
Be8 47. Bf1 Ke6 48. Ke1 Kd6 49. Kd2 Kc5 50. Kc3 Bd7 51. Ba6 Be6 52. Bf1 Bc8 53.
Bd3 h3 54. gxh3 Bxh3 55. Ba6 Kb6 56. Bd3 Bg2 57. Be2 Kc5 58. Bd1 Bf1 59. Kd2
Kd4 60. Ba4 Bd3 61. Bc6 Bf1 62. Ba4 Bc4 63. Bc2 Bf1 1/2-1/2

[Event "SR 3. liga A2 2016/2017"]
[Site "?"]
[Date "2016.10.30"]
[Round "2.5"]
[White "Nadzamova, Sofia"]
[Black "Jarabek, Milan"]
[Result "1/2-1/2"]
[WhiteElo "1745"]
[BlackElo "1706"]
[PlyCount "59"]
[EventDate "2016.??.??"]

1. e4 c5 2. Nc3 Nc6 3. f4 d6 4. Nf3 Nf6 5. h3 e6 6. d3 Be7 7. Be2 O-O 8. O-O a6
9. a4 Qc7 10. Qe1 Nd4 11. Bd1 Bd7 12. Nxd4 cxd4 13. Ne2 e5 14. g4 d5 15. g5
Nxe4 16. dxe4 Bxh3 17. Rf3 Bg4 18. Rg3 Bxe2 19. Qxe2 exf4 20. Rg4 Bd6 21. Rh4
Rfe8 22. Qh5 dxe4 23. Qxh7+ Kf8 24. Qf5 e3 25. g6 f6 26. Bg4 Re5 27. Qd3 Ke7
28. Qb3 Rf8 29. Qd3 Qa5 30. c3 1/2-1/2

[Event "SR 3. liga A2 2016/2017"]
[Site "?"]
[Date "2016.10.30"]
[Round "2.5"]
[White "Antalek, Rudolf"]
[Black "Kubis, Ivan"]
[Result "1-0"]
[WhiteElo "1698"]
[BlackElo "1938"]
[PlyCount "53"]
[EventDate "2016.??.??"]

1. e4 e5 2. Nf3 Nc6 3. Bb5 a6 4. Ba4 Nf6 5. O-O b5 6. Bb3 Be7 7. Re1 O-O 8. c3
d5 9. exd5 Nxd5 10. Nxe5 Nxe5 11. Rxe5 c6 12. d4 Bd6 13. Rh5 Re8 14. Bg5 Qd7
15. Nd2 Nf4 16. Rh4 Ng6 17. Rxh7 Kxh7 18. Qh5+ Kg8 19. Qxg6 Qf5 20. Qxd6 Qxg5
21. Qxc6 Bg4 22. Ne4 Qe7 23. Re1 Kh8 24. Qd5 f5 25. f3 Bh5 26. Qxf5 Qh4 27. g3
1-0

[Event "SR 3. liga A2 2016/2017"]
[Site "?"]
[Date "2016.10.30"]
[Round "2.6"]
[White "Kalmar, Tamas"]
[Black "Abel, Peter"]
[Result "1/2-1/2"]
[WhiteElo "2044"]
[BlackElo "2199"]
[PlyCount "50"]
[EventDate "2016.??.??"]

1. d4 Nf6 2. Nf3 d6 3. c4 Nbd7 4. Nc3 e5 5. e4 Be7 6. g3 O-O 7. Bg2 c6 8. O-O
Qc7 9. Qc2 Re8 10. Be3 b6 11. Rfd1 Nf8 12. Rac1 Ng6 13. b3 h6 14. Qd3 Bb7 15.
h3 Rad8 16. Qc2 Bc8 17. Kh2 Nh7 18. dxe5 dxe5 19. Rxd8 Rxd8 20. Rd1 Bb4 21.
Rxd8+ Qxd8 22. Qd1 Qe7 23. Qd3 Nf6 24. Ne1 Qd7 25. Bd2 Qc7 1/2-1/2

[Event "SR 3. liga A2 2016/2017"]
[Site "?"]
[Date "2016.10.30"]
[Round "2.6"]
[White "Nemsak, Denis"]
[Black "Meszaros, Lorant"]
[Result "1-0"]
[WhiteElo "2013"]
[BlackElo "2024"]
[PlyCount "63"]
[EventDate "2016.??.??"]

1. d4 f5 2. g3 Nf6 3. Bg2 g6 4. c4 Bg7 5. Nc3 d6 6. h4 O-O 7. Nh3 c6 8. d5 Bd7
9. Bg5 Na6 10. Nf4 Nc5 11. h5 Nxh5 12. Nxh5 gxh5 13. Qd2 Ne4 14. Nxe4 fxe4 15.
Bxe4 Bf5 16. Bxf5 Rxf5 17. e4 Rf7 18. Be3 Qe8 19. Rd1 c5 20. Qe2 Rf8 21. b3 Qg6
22. Bf4 Bc3+ 23. Kf1 Kh8 24. Rxh5 Bf6 25. Rh6 Qg7 26. Qh5 Be5 27. Bxe5 dxe5 28.
Kg2 Rf7 29. Rh1 Raf8 30. f3 Kg8 31. Rh4 Rxf3 32. Rg4 1-0